| 000 | 01108nac a22002651u 4500 | ||
|---|---|---|---|
| 010 | _a 2007017632 | ||
| 020 | _a9780849307751 (alk. paper) | ||
| 020 | _a0849307759 (alk. paper) | ||
| 082 | 0 | 0 |
_a621 _bSIL |
| 090 |
_c7994 _d7994 |
||
| 100 | _aSilva, Clarence W. de | ||
| 245 | 0 | 0 |
_aMechatronic systems : _bdevices, design, control, operation and monitoring / _cClarence W. de Silva, ed. |
| 260 |
_aBoca Raton : _bTaylor & Francis,c2008. _cc2008. |
||
| 300 |
_a1 v. (various pagings) : _bill. ; _c27 cm. |
||
| 490 | 0 | _aMechanical engineering series | |
| 500 | _aDistributer: Al-Ahram. | ||
| 504 | _aIncludes bibliographical references and index. | ||
| 511 | _aCatalogued By: Mahitab. | ||
| 650 | 0 | _aMechatronics. | |
| 700 | 1 | _aSilva, Clarence W. de. | |
| 856 | 4 | 1 |
_3Table of contents only _uhttp://www.loc.gov/catdir/toc/ecip0716/2007017632.html |
| 856 | 4 | 1 |
_3Publisher description _uhttp://www.loc.gov/catdir/enhancements/fy0807/2007017632-d.html |
| 942 |
_cBB _k621SIL |
||
| 999 |
_c7994 _d7994 |
||